Biggest Cities in the Southern Hemisphere on a Map - Statistics

General Stats
  • This quiz has been taken 39 times
  • The average score is 18 of 20
Answers on the Map
Answers color-coded by a green-red scale on the quiz's map according to % correct below.
 
Answer Stats
Answer % Correct
Buenos Aires
100%
Cape Town
100%
Jakarta
100%
Lima
100%
Melbourne
100%
Rio de Janeiro
100%
Santiago
100%
São Paulo
100%
Sydney
100%
Brasília
97%
Johannesburg
97%
Nairobi
94%
Kinshasa
88%
Belo Horizonte
79%
Dar es Salaam
79%
Luanda
79%
Recife
79%
Porto Alegre
74%
Surabaya
62%
Bandung
59%
No matching quizzes found
Score Distribution
Percent of People with Each Score
Percentile by Number Answered
Your Score History
You have not taken this quiz